| 000 | 00648nam a2200205 a 4500 | ||
|---|---|---|---|
| 005 | 20240911064140.0 | ||
| 008 | 991125s1979 mos 000 0 spa u | ||
| 035 | _aUPN01000029271 | ||
| 049 | _aCG | ||
| 050 | 4 |
_aJC359 _bL4.3a |
|
| 100 | 1 |
_aLenin, Vladimir Ilich, _d1870-1924 |
|
| 245 | 1 | 3 |
_aEl imperialismo, fase superior del capitalismo : _besbozo popular / _cLenin. |
| 260 |
_aMoscú : _bProgreso, _c1979. |
||
| 300 | _a148 p. | ||
| 440 | 0 | _aEdiciones de cultura popular | |
| 500 | _aTraducción del tomo 27 de la 5a ed. en ruso de las obras de V. I. Lenin | ||
| 650 | 4 |
_aImperialismo _99887 |
|
| 650 | 4 |
_aCapitalismo _96436 |
|
| 905 | _aLibro | ||
| 999 |
_c29271 _d29271 |
||